banner koha

Memoria do 2 (segundo)Workishop sobre Monitoramento Ambiental em Areas Florestais (Registro n. 290522)

MARC details
000 -LÍDER
campo de controle de tamanho fixo 01004nac a22002897a 4500
001 - NÚMERO DE CONTROLE
campo de controle BR0000202
003 - IDENTIFICADOR DO NÚMERO DE CONTROLE
campo de controle BR-BrBNA
005 - DATA E HORÁRIO DA ÚLTIMA TRANSAÇÃO
campo de controle 20240105122336.0
008 - CAMPO DE DADOS FIXOS--INFORMAÇÃO GERAL
campo de controle de tamanho fixo 230509b bl.|||m| |||| 00| 0 por d
040 ## - FONTE DA CATALOGAÇÃO
Instituição da catalogação original BR-BrBNA
Idioma da catalogação por
Instituição que transcreveu o registro Biblioteca Nacional de Agricultura
072 ## - CÓDIGO DE CATEGORIA DE ASSUNTO
Código de Categoria de Assunto K10
090 ## - NÚMERO DE CHAMADA LOCAL
Número de chamada K10 BR0000202
100 1# - ENTRADA PRINCIPAL--NOME PESSOAL
Nome pessoal Poggiani, F. coord.
100 1# - ENTRADA PRINCIPAL--NOME PESSOAL
Nome pessoal Rodrigues, L.C.E. coord.
110 1# - ENTRADA PRINCIPAL--NOME CORPORATIVO
Nome corporativo ou nome da jurisdição Instituto de Pesquisas e Estudos Florestais, Piracicaba, SP (Brasil)
9 (RLIN) 6160
245 1# - TÍTULO
Título Memoria do 2 (segundo)Workishop sobre Monitoramento Ambiental em Areas Florestais
260 3# - PUBLICAÇÃO, DISTRIBUIÇÃO, ETC.
Local de publicação, distribuição, etc. Piracicaba, SP (Brasil):
Data da publicação, distribuição, etc. 1998.
300 ## - DESCRIÇÃO FÍSICA
Extensão 96 p.
490 ## - TÍTULO DA SÉRIE
Título da série Serie Tecnica - Instituto de Pesquisas Estudos Florestais (Brazil)
Número do volume ou designação sequencial da série v. 12(31)
ISSN - International Standard Serial Number ISSN 0100-8137
500 ## - NOTA GERAL
Nota geral Summaries (En, Pt); Several Bibliography
650 ## - ASSUNTO--TERMO TÓPICO
Cabeçalho tópico ou nome geográfico Silvicultura
650 ## - ASSUNTO--TERMO TÓPICO
Cabeçalho tópico ou nome geográfico Plantio
650 ## - ASSUNTO--TERMO TÓPICO
Cabeçalho tópico ou nome geográfico Indicador Economico
650 ## - ASSUNTO--TERMO TÓPICO
Cabeçalho tópico ou nome geográfico Indicador Social
909 ## -
-- 202312
-- Lúcia Elande
-- 55
-- Lúcia Elande
942 ## - ELEMENTOS DE ENTRADA ADICIONADOS (KOHA)
Fonte da classificação ou esquema de arquivamento na estante Classificação AGRIS
Ocultar no OPAC Não
Tipo de material Koha Monografia Seriada
Exemplares
Situação do descarte Fonte da classificação ou esquema de arquivamento na estante Situação física Não pode ser emprestado Coleção Biblioteca de origem Biblioteca atual Localização na estante Total de empréstimos Número de telefone completo Código de barras Data de último acesso Tipo de material Koha Fonte de aquisição
  Classificação AGRIS       Biblioteca Nacional de Agricultura - Binagri Biblioteca Nacional de Agricultura - Binagri Agrobase - Acervo Geral   K10 BR0000202 K10 BR0000202 18/12/2023 Monografia Seriada Portaria Interministerial nº 164/94

BINAGRI

Telefone: (61)3218-2567/2388/3357/2097 - binagri@agro.gov.br

Ministério da Agricultura e Pecuária , Esplanada dos Ministérios, Bloco D, Anexo B, Brasília/DF, CEP: 70.043-900